000 01089nam a22002417a 4500
003 KOHA_MİRAKIL
005 20260415090359.0
008 260415b tu ||||| |||| 00| 0 tur d
040 _aTR-AnABB
_btur
_cTR-AnABB
041 _atur
082 _a307.12561
_bGUN 1989 C.4
110 2 _aT.C.
_bBaşbakanlık
_bDevlet Planlama Teşkilatı
_93454
245 1 0 _aGüneydoğu Anadolu Projesi Master plan çalışması :
_bMaster plan nihai raporu /
_cDevlet Planlama Teşkilatı
246 _aEk D, E, F, G
260 _aAnkara :
_b[yayl. y.] ,
_c1989
300 _a4.c., 27 sayfa :
_bresim, harita, tablo ;
_c24 cm
500 _a4. Cilt : Ek D, E, F, G
505 _aİçindekiler: Ek D: Mekansal yapıya ilişkin ayrıntılı bilgiler ve analiz - Ek E: Su kaynaklarının şimdiki durumu ve mevcut geliştirme projeleri - Ek F: Enerji sektöründe mevcut koşullar ve gelecek - Ek G: Sosyal sektörlerle ilgili ayrıntılı veriler ve analizler
650 0 4 _aBölge planlama
650 0 4 _aBölge planlama, Türkiye
900 _bCan ÇELIK
942 _2ddc
_cBK
999 _c10252
_d10252